Promoción y venta de servicios universitarios para la actualización profesional /

Сохранить в:
Библиографические подробности
Главный автор: Seade Castellanos, Ana Yasmín (autor)
Формат: Диссертация
Язык:испанский
Предметы:
Метки: Добавить метку
Нет меток, Требуется 1-ая метка записи!

MARC

LEADER 00000nam^a2200000^a^4500
001 000142024
005 20250521000000.0
009 20260310095635.862
037 |a Acervo ITESO - Biblioteca 
041 |a ESP 
090 |a LAM. 458 
100 |a Seade Castellanos, Ana Yasmín  |e (autor) 
245 1 0 |a Promoción y venta de servicios universitarios para la actualización profesional /  |c A.Y. Seade Castellanos. 
264 |a Guadalajara, México :  |b edición de autor,  |c 2002 
300 |a 67 p. 
336 |a texto  |b txt  |2 rdacontenido 
337 |a sin mediación  |b n  |2 rdamedio 
338 |a volumen  |b nc  |2 rdasoporte 
502 |a ITESO Reporte Profesional de Licenciatura en Administración Area Mercadotecnia 
610 |a ITESO 
649 |a XX 
650 |a Desarrollo Profesional 
650 |a Extensión Universitaria 
650 |a Universidades Privadas -  |z Guadalajara, Jalisco 
650 |a Universidades Privadas -  |z Jalisco 
650 |a Universidades Privadas -  |z México 
650 |a Educación Privada -  |z Guadalajara, Jalisco 
650 |a Educación Privada -  |z Jalisco 
650 |a Educación Privada -  |z México 
650 |a Educación Superior -  |z Guadalajara, Jalisco 
650 |a Educación Superior -  |z Jalisco 
650 |a Educación Superior -  |z México 
650 |a Mercadotecnia de Servicios 
650 |a Ciencias Administrativas 
910 |a Fondo General 
920 |a Impresos - Tesis del ITESO 
930 |a Colección General 
905 |a 104 
901 |a 0500070795  |b IT2  |c TSS  |u 20250521 
902 |a https://opac.biblio.iteso.mx/vufind/Record/000142024